Dream SMP - Members - Statistics

General Stats
  • This quiz has been taken 183 times
  • The average score is 13 of 15
Answer Stats
Hints (some are not helpful) Answer % Correct
Main Character Dream
99%
^ his colorblind friend Georgenotfound
98%
^ his american friend Sapnap
98%
Likes muffins BadBoyHalo
97%
Likes Pigs and is good at fights Technoblade
97%
Is part of MrBeast Karl
96%
Big Q Quackity
96%
^ his blue friend Skeppy
94%
^ His younger Friend TommyInnit
94%
a teenager under 18 Tubbo
92%
a dead-of-heart-attack Business goat Jschlatt
88%
94 bombs Hbomb94
65%
NotAlyssa But a girl Nichachu
64%
W.S. Wilbur Soot
47%
Not Niki but a Girl ItsAlyssa
42%
No matching quizzes found
Score Distribution
Percent of People with Each Score
Percentile by Number Answered
Your Score History
You have not taken this quiz